00473nam a2200157Ia 4500008004100000020001800041082001500059100001600074245007200090250000800162260005600170300002300226500001900249600003300268650001400301240925s9999 xx 000 0 und d a9781138679030 a001.42 BAA aBaarda, Ben 0aResearch This is it: guide to quantitative and qualitative research a1st aNew York:bRoutledge Taylor & Francis Groupc,2010. a492p.b0fOriginal aIncludes Index aHumanities & Natural Science aGeneralia